LEADER 01136nam0 22002891i 450 001 RML0296990 005 20231121125740.0 010 $a8811583306 100 $a20121121d1985 ||||0itac50 ba 101 | $aita 102 $ait 181 1$6z01$ai $bxxxe 182 1$6z01$an 200 1 $aPensieri$fGiacomo Leopardi$gIntroduzione di Paolo Ruffilli. Prefazione e note di Ugo Dotti 210 $aMilano $cGarzanti $d©1985 215 $aXLVIII,102 p.$d19 cm 225 | $a˜I œgrandi libri Garzanti$c- Cernusco $eGarzanti $v330 410 0$1001RML0330423$12001 $a˜I œgrandi libri Garzanti$c- Cernusco $eGarzanti $v330 700 1$aLeopardi$b, Giacomo$f <1798-1837>$3CFIV002049$0292683 801 3$aIT$bIT-01$c20121121 850 $aIT-FR0017 899 $aBiblioteca umanistica Giorgio Aprea$bFR0017 912 $aRML0296990 950 0$aBiblioteca umanistica Giorgio Aprea$d 52CIS 7/1313$e 52VM 0000667905 VM barcode:00044090. - Inventario:15668 FLSVM$fA $h20070306$i20121204 977 $a 52 996 $aDetti memorabili di Filippo Ottonieri$9563934 997 $aUNICAS